01751nam a2200325 i 4500001001000000003000900010005001700019007000300036008004100039040003000080082002500110100006500135245016100200250002100361264007300382300005400455336002700509337003300536338002800569490004300597590002600640700004700666910000700713942001400720952013300734952013400867952015901001952024801160999001701408000027137DO-SdBNP20241118092629.0ta110329s1984 dr ab 000 0 spa d aDO-SdBNPbspacBNPHUerda 4axxxbM562e, 19842221 aMeriño, Fernando Arturo de,d1833-1906951821eautor4aut.10aElementos de geografía física, política e histórica de la República Dominicana /cFernando Arturo de Meriño ; prefacio, E. Rodríguez Demorizi. acuarta edición 4aSanto Domingo :bEditora Sociedad Dominicana de Geografía,c@1984. a184 páginas :bilustraciones, retratos;c18 cm. atextobtxt2rdacontent asin mediaciónbn2rdamedia avolumenbnc2rdacarrier aSociedad Dominicana de Geografíav19 aInventariado, 2024/BT1 aRodríguez Demorizi, E.,eprefacio954199 aBT 2ddccLBS1 00102ddc51708PDaBNPHUbBNPHUcCTd2011-03-29l0oBNPHU PD M562e, 1984p27137-10r2020-06-25w2020-06-25yLBS1ZNo se presta 00102ddc51708PDaBNPHUbBNPHUcCTd2019-06-26l0oBNPHU PD M562e, 1984p27137-20r2020-06-25w2020-06-25yLBS1ZNo se presta 00102ddc56708DSaBNPHUbBNPHUcCTd2024-09-11eDonado por Emilio Cordero Michell0oBNPHU DS M562e, 1984p2024-5315r2024-09-11te.3w2024-09-11yLBS1 00102ddc56708DSaBNPHUbBNPHUcCTd2024-11-18eDonado por la Presidencia de la República Dominicana 2023l0oBNPHU DS M562e, 1984p2024-6457r2024-11-18te.4w2024-11-18yLBS1zPertenecio a la biblioteca personal de Emilio Cordero Michel c26629d26629